[Event "100th anniversary Efim Geller Blitz"]
[Site "Odesa"]
[Date "2025.11.29"]
[Round "3.8"]
[White "Snigurov, Maxim"]
[Black "Popravka, Bohdan"]
[Result "1-0"]
[WhiteElo "2359"]
[BlackElo "1902"]
[Annotator "IA Prokhorov Oleksandr"]
[PlyCount "65"]
[EventDate "2025.11.29"]
[EventType "swiss (blitz)"]
[EventRounds "11"]
[EventCountry "UKR"]

1. c4 Nf6 2. Nc3 g6 3. e4 d6 4. d4 Bg7 5. Be2 O-O 6. g4 c5 7. d5 a6 8. h4 Bd7
9. g5 Ne8 10. a4 Nc7 11. h5 e6 12. Bf4 Qe7 13. dxe6 Qxe6 14. Qxd6 Bxc3+ 15.
bxc3 Qxe4 16. Rh4 Ne6 17. Bg3 Qc2 18. Qd3 Qxd3 19. Bxd3 Nxg5 20. O-O-O Bxa4 21.
Re1 Nc6 22. f4 Ne6 23. f5 Rad8 24. Bb1 Ng5 25. hxg6 fxg6 26. fxg6 hxg6 27. Bxg6
Kg7 28. Bb1 Rfe8 29. Rxe8 Rxe8 30. Rg4 Kf6 31. Bh4 Re5 32. Nf3 Re3 33. Bxg5+
1-0

[Event "100th anniversary Efim Geller Blitz"]
[Site "Odesa"]
[Date "2025.11.29"]
[Round "3.9"]
[White "Selikhanovich, Artem"]
[Black "Dovhan, Artem"]
[Result "0-1"]
[WhiteElo "1932"]
[BlackElo "2092"]
[Annotator "IA Prokhorov Oleksandr"]
[PlyCount "63"]
[EventDate "2025.11.29"]
[EventType "swiss (blitz)"]
[EventRounds "11"]
[EventCountry "UKR"]

1. e4 c5 2. Nf3 e6 3. d4 cxd4 4. Nxd4 Nc6 5. Nc3 Bc5 6. Ndb5 Nf6 7. Be3 Bb4 8.
a3 Bxc3+ 9. Nxc3 O-O 10. Bc5 Re8 11. Bd6 Qb6 12. Rb1 Qa5 13. Bd3 e5 14. a4 Nd4
15. O-O Re6 16. Ba3 a6 17. Bc4 Re8 18. f4 Qc7 19. Ba2 d6 20. Kh1 Bg4 21. Qd2
Rac8 22. h3 Be6 23. fxe5 dxe5 24. Rxf6 gxf6 25. Qh6 Bxa2 26. Nxa2 Qxc2 27. Rf1
Qxe4 28. Qxf6 Qg6 29. Qf2 Rc2 30. Qg1 Ne2 31. Qh2 Ng3+ 32. Kg1 {time} 0-1

[Event "100th anniversary Efim Geller Blitz"]
[Site "Odesa"]
[Date "2025.11.29"]
[Round "3.10"]
[White "Chepil, Olexandr"]
[Black "Smotrov, Pavlo"]
[Result "1-0"]
[WhiteElo "1908"]
[BlackElo "2069"]
[Annotator "IA Prokhorov Oleksandr"]
[PlyCount "65"]
[EventDate "2025.11.29"]
[EventType "swiss (blitz)"]
[EventRounds "11"]
[EventCountry "UKR"]

1. e4 e5 2. Nf3 Nc6 3. Bc4 Bc5 4. c3 Nf6 5. d4 exd4 6. e5 d5 7. Bb5 Ne4 8. cxd4
Bb4+ 9. Nbd2 Nxd2 10. Bxd2 Bxd2+ 11. Qxd2 Bd7 12. Bd3 O-O 13. O-O f6 14. Rae1
fxe5 15. dxe5 Qe7 16. e6 Be8 17. Bb1 Rd8 18. Ne5 Nxe5 19. Rxe5 Kh8 20. f4 c6
21. Qf2 a6 22. f5 Rf6 23. g4 Rh6 24. Qg3 Qc5+ 25. Kh1 Qb5 26. Qg2 c5 27. g5 Rh4
28. f6 Rg4 29. Qf3 Bh5 30. fxg7+ Kxg7 31. Qf6+ Kg8 32. e7 Re8 33. Qf8+ 1-0

[Event "100th anniversary Efim Geller Blitz"]
[Site "Odesa"]
[Date "2025.11.29"]
[Round "4.1"]
[White "Tobak, Mikhail"]
[Black "Fingerov, Dmitry"]
[Result "0-1"]
[WhiteElo "2299"]
[BlackElo "2242"]
[Annotator "IA Prokhorov Oleksandr"]
[PlyCount "100"]
[EventDate "2025.11.29"]
[EventType "swiss (blitz)"]
[EventRounds "11"]
[EventCountry "UKR"]

1. Nf3 Nf6 2. g3 b5 3. Bg2 Bb7 4. d3 d5 5. Nbd2 Nbd7 6. e4 dxe4 7. Ng5 Nc5 8.
Ngxe4 Nfxe4 9. dxe4 e5 10. O-O Be7 11. Qe2 O-O 12. Rd1 Qc8 13. Nf1 Rd8 14.
Rxd8+ Qxd8 15. Bd2 a6 16. Rd1 Qe8 17. Ba5 Qc6 18. Ne3 Ne6 19. Nd5 Bf8 20. Bc3
f6 21. f4 Bc5+ 22. Kh1 Nd4 23. Bxd4 exd4 24. b4 Bf8 25. Rxd4 Re8 26. Qd2 Qd6
27. h3 c5 28. bxc5 Qxc5 29. Kh2 h6 30. Qc3 Qxc3 31. Nxc3 Rc8 32. Rd3 b4 33. Nd5
Rxc2 34. Kg1 Bc5+ 35. Kf1 Rf2+ 36. Ke1 Rxg2 37. Nc7 Bxe4 38. Rd8+ Kf7 39. Rd7+
Be7 40. Nxa6 Rxg3 41. Nxb4 Rxh3 42. a4 Ke6 43. Rd4 Bxb4+ 44. Rxb4 f5 45. a5 Ra3
46. Rb5 h5 47. Kf2 h4 48. Rb6+ Kd5 49. a6 h3 50. Rb5+ Kc6 0-1

[Event "100th anniversary Efim Geller Blitz"]
[Site "Odesa"]
[Date "2025.11.29"]
[Round "4.2"]
[White "Makarov, V."]
[Black "Starozhilov, Leonid"]
[Result "0-1"]
[WhiteElo "2270"]
[BlackElo "2303"]
[Annotator "IA Prokhorov Oleksandr"]
[PlyCount "53"]
[EventDate "2025.11.29"]
[EventType "swiss (blitz)"]
[EventRounds "11"]
[EventCountry "UKR"]

1. c4 Nf6 2. Nf3 g6 3. g3 Bg7 4. Bg2 O-O 5. O-O d6 6. d4 c6 7. Nc3 Bf5 8. Nh4
Be6 9. d5 cxd5 10. cxd5 Bd7 11. Nf3 a5 12. Nd4 Na6 13. Bf4 Nc5 14. Qd2 Qb6 15.
h3 Rfc8 16. Be3 a4 17. Rac1 Qa5 18. Rfd1 Be8 19. f4 Nfd7 20. Bf2 Nb6 21. e4 Nc4
22. Qe2 b5 23. Rc2 a3 24. b3 Nb2 25. Rdc1 b4 26. Nd1 Nbd3 27. Be3 {time} 0-1

[Event "100th anniversary Efim Geller Blitz"]
[Site "Odesa"]
[Date "2025.11.29"]
[Round "4.3"]
[White "Bliumberg, Vladislav"]
[Black "Snigurov, Maxim"]
[Result "0-1"]
[WhiteElo "2159"]
[BlackElo "2359"]
[Annotator "IA Prokhorov Oleksandr"]
[PlyCount "113"]
[EventDate "2025.11.29"]
[EventType "swiss (blitz)"]
[EventRounds "11"]
[EventCountry "UKR"]

1. e4 d6 2. Nc3 g6 3. f4 Bg7 4. Nf3 c5 5. Bc4 Nc6 6. d3 e6 7. f5 gxf5 8. O-O
Nge7 9. Qe1 fxe4 10. dxe4 Ng6 11. Bg5 f6 12. Be3 a6 13. a4 Qe7 14. Rd1 Bd7 15.
Qd2 Nce5 16. Nxe5 Nxe5 17. Be2 O-O-O 18. Qxd6 Qxd6 19. Rxd6 Bf8 20. Rd2 Be7 21.
Rfd1 Bc6 22. Bf4 Ng6 23. Bg3 Rxd2 24. Rxd2 h5 25. Bc4 Bd7 26. h3 h4 27. Bd6
Bxd6 28. Rxd6 Kc7 29. Rd2 Ne5 30. Bf1 Rg8 31. Kh2 Bc6 32. Rf2 Rg6 33. Rf4 Rh6
34. Be2 Kd6 35. a5 Ke7 36. Rf1 Nf7 37. Rb1 Nd6 38. b4 Nxe4 39. Nxe4 Bxe4 40.
bxc5 Bc6 41. Bf3 Kd7 42. Bxc6+ Kxc6 43. Rb6+ Kxc5 44. Rxe6 Kc4 45. Rb6 Rh7 46.
Rxf6 Kc3 47. Rf2 Rh5 48. Rf7 Rb5 49. Rc7+ Kb4 50. g3 hxg3+ 51. Kxg3 Kxa5 52. h4
Kb6 53. Rc8 a5 54. c4 Rb1 55. h5 Rh1 56. Kg4 Ka7 57. Re8 {time} 0-1

[Event "100th anniversary Efim Geller Blitz"]
[Site "Odesa"]
[Date "2025.11.29"]
[Round "4.4"]
[White "Budnikov, Oleg"]
[Black "Ahniannykov, Danylo"]
[Result "1-0"]
[WhiteElo "2376"]
[BlackElo "2067"]
[Annotator "IA Prokhorov Oleksandr"]
[PlyCount "41"]
[EventDate "2025.11.29"]
[EventType "swiss (blitz)"]
[EventRounds "11"]
[EventCountry "UKR"]

1. e4 e6 2. d4 d5 3. e5 c5 4. c3 Nc6 5. Nf3 Bd7 6. Bd3 cxd4 7. O-O Qb6 8. Re1
Nge7 9. h4 h6 10. a3 Rc8 11. b4 dxc3 12. Nxc3 Nxb4 13. Be3 Qd8 14. axb4 Rxc3
15. Rxa7 Nc6 16. Rxb7 Bxb4 17. Bb5 Qc8 18. Bxc6 Bxc6 19. Rxb4 O-O 20. Rg4 Kh8
21. Bxh6 1-0

[Event "100th anniversary Efim Geller Blitz"]
[Site "Odesa"]
[Date "2025.11.29"]
[Round "4.5"]
[White "Golubev, Mikhail"]
[Black "Biliy, Vadim"]
[Result "1-0"]
[WhiteElo "2334"]
[BlackElo "2056"]
[Annotator "IA Prokhorov Oleksandr"]
[PlyCount "76"]
[EventDate "2025.11.29"]
[EventType "swiss (blitz)"]
[EventRounds "11"]
[EventCountry "UKR"]

1. e4 d6 2. d4 Nf6 3. Bd3 e5 4. c3 d5 5. exd5 exd4 6. Nf3 Be7 7. Nxd4 Qxd5 8.
O-O O-O 9. Na3 Bg4 10. Qc2 Nc6 11. Nxc6 Qxc6 12. Nc4 Bh5 13. Bf4 Bg6 14. Ne5
Bxd3 15. Nxc6 Bxc2 16. Nxe7+ Kh8 17. Bxc7 Rfe8 18. Rfe1 Be4 19. Bd6 Rad8 20.
Ba3 Rd2 21. f3 Bc2 22. Re3 h6 23. Rae1 Kh7 24. R3e2 Red8 25. Rxd2 Rxd2 26. Nc8
a6 27. Nd6 Nd5 28. g3 Bd1 29. Ne4 Re2 30. Rxd1 Ne3 31. Rc1 Rg2+ 32. Kh1 Re2 33.
Bc5 Nf5 34. Rb1 Kg6 35. a4 h5 36. b4 h4 37. g4 Nh6 38. Rd1 f5 {time} 1-0

[Event "100th anniversary Efim Geller Blitz"]
[Site "Odesa"]
[Date "2025.11.29"]
[Round "4.6"]
[White "Gorbunov, Igor"]
[Black "Lyakh, Vasiliy"]
[Result "0-1"]
[WhiteElo "2018"]
[BlackElo "2329"]
[Annotator "IA Prokhorov Oleksandr"]
[PlyCount "100"]
[EventDate "2025.11.29"]
[EventType "swiss (blitz)"]
[EventRounds "11"]
[EventCountry "UKR"]

1. d4 Nf6 2. c4 e6 3. Nc3 Bb4 4. e3 O-O 5. Bd3 c5 6. Nge2 d5 7. a3 Bxc3+ 8.
bxc3 dxc4 9. Bxc4 Qc7 10. Bd3 Nc6 11. O-O e5 12. Ng3 Rd8 13. Bb2 Be6 14. Nh5
Qe7 15. Nxf6+ Qxf6 16. Be4 cxd4 17. cxd4 exd4 18. Bxc6 bxc6 19. Bxd4 Qg6 20.
Qf3 Bd5 21. Qg3 a5 22. Qxg6 hxg6 23. Rab1 Rab8 24. f3 a4 25. Rxb8 Rxb8 26. e4
Be6 27. Rc1 Rb3 28. Bc5 Rb2 29. Bb4 Bd7 30. Rd1 Be6 31. Rd8+ Kh7 32. Rd2 Rb1+
33. Kf2 Rc1 34. Ke3 c5 35. Ba5 c4 36. Kd4 Rb1 37. Bb4 Rb3 38. h3 Kh6 39. f4 Kh5
40. Be7 f6 41. Rf2 Kh4 42. f5 gxf5 43. exf5 Bf7 44. Bd6 Rd3+ 45. Kc5 c3 46.
Rf4+ Kh5 47. Rf2 Bb3 48. Bf4 c2 49. Bc1 Rd1 50. g4+ Kh4 0-1

[Event "100th anniversary Efim Geller Blitz"]
[Site "Odesa"]
[Date "2025.11.29"]
[Round "4.7"]
[White "Garsky, Vladyslav"]
[Black "Chaika, Vitalii"]
[Result "1-0"]
[WhiteElo "2176"]
[BlackElo "2006"]
[Annotator "IA Prokhorov Oleksandr"]
[PlyCount "85"]
[EventDate "2025.11.29"]
[EventType "swiss (blitz)"]
[EventRounds "11"]
[EventCountry "UKR"]

1. e4 d6 2. d4 c6 3. c4 e5 4. Nf3 Bg4 5. Be3 Be7 6. Nc3 Nd7 7. Be2 Bxf3 8. Bxf3
Bg5 9. O-O Bxe3 10. fxe3 Ngf6 11. Qc2 Qb6 12. Rad1 O-O 13. c5 dxc5 14. Na4 Qa5
15. dxc5 Rfe8 16. a3 Nf8 17. b4 Qc7 18. Nb2 a5 19. Nc4 axb4 20. axb4 Ng6 21.
Nd6 Red8 22. Be2 b5 23. Qb3 h6 24. Bd3 Qe7 25. Bc2 Ra7 26. Qb2 Rda8 27. Bb3 Nh8
28. h3 Rf8 29. Rf5 Nd7 30. Rdf1 Qh4 31. Qc2 Qg3 32. R5f3 Qg5 33. Qf2 Kh7 34.
Nxf7 Nxf7 35. Rxf7 Rxf7 36. Bxf7 Nf6 37. Be6 Ra3 38. Bf5+ Kh8 39. Re1 Rb3 40.
Qd2 Nh5 41. Ra1 g6 42. Ra8+ Kg7 43. Qd7+ 1-0

[Event "100th anniversary Efim Geller Blitz"]
[Site "Odesa"]
[Date "2025.11.29"]
[Round "4.8"]
[White "Nedin, Danylo"]
[Black "Alexikov, Alexander"]
[Result "0-1"]
[WhiteElo "1986"]
[BlackElo "2159"]
[Annotator "IA Prokhorov Oleksandr"]
[PlyCount "62"]
[EventDate "2025.11.29"]
[EventType "swiss (blitz)"]
[EventRounds "11"]
[EventCountry "UKR"]

1. e4 c5 2. Be2 Nc6 3. f4 d5 4. d3 dxe4 5. dxe4 Qxd1+ 6. Bxd1 e6 7. Nf3 Nf6 8.
e5 Nd5 9. Nc3 Nxc3 10. bxc3 b6 11. O-O Ba6 12. Re1 Be7 13. Nd2 O-O-O 14. Bf3
Kc7 15. Ne4 Bc4 16. Be3 Bd5 17. Kf2 Na5 18. Nd2 Bxf3 19. Kxf3 Rd7 20. g4 g6 21.
Ke4 h5 22. f5 hxg4 23. f6 Bf8 24. Re2 Rh3 25. Rg1 Rxe3+ 26. Kxe3 Bh6+ 27. Ke4
Bxd2 28. Rxg4 Bxc3 29. Kf3 Nc6 30. Kg2 Bxe5 31. h4 Bxf6 0-1

[Event "100th anniversary Efim Geller Blitz"]
[Site "Odesa"]
[Date "2025.11.29"]
[Round "4.10"]
[White "Shton, Roman"]
[Black "Makarov, Pavlo"]
[Result "1-0"]
[WhiteElo "2119"]
[BlackElo "1959"]
[Annotator "IA Prokhorov Oleksandr"]
[PlyCount "51"]
[EventDate "2025.11.29"]
[EventType "swiss (blitz)"]
[EventRounds "11"]
[EventCountry "UKR"]

1. d4 f5 2. e4 fxe4 3. Nc3 Nf6 4. Bg5 Nc6 5. d5 Ne5 6. Qd4 Nf7 7. h4 c6 8.
O-O-O Qb6 9. Bxf6 gxf6 10. Qxe4 Qxf2 11. Nf3 Bh6+ 12. Kb1 Qe3 13. Qa4 b5 14.
Qb3 a5 15. Re1 a4 16. Qb4 c5 17. Qxb5 Qf4 18. Qxc5 O-O 19. Qxe7 a3 20. Qe4 Qc7
21. Bd3 Rd8 22. Qxh7+ Kf8 23. Bg6 d6 24. Bxf7 Qxf7 25. Qxh6+ Kg8 26. Ne4 1-0

[Event "100th anniversary Efim Geller Blitz"]
[Site "Odesa"]
[Date "2025.11.29"]
[Round "5.1"]
[White "Fingerov, Dmitry"]
[Black "Kislinsky, Alexey"]
[Result "1/2-1/2"]
[WhiteElo "2242"]
[BlackElo "2316"]
[Annotator "IA Prokhorov Oleksandr"]
[PlyCount "109"]
[EventDate "2025.11.29"]
[EventType "swiss (blitz)"]
[EventRounds "11"]
[EventCountry "UKR"]

1. e4 c5 2. c3 e6 3. d4 d5 4. exd5 exd5 5. Nf3 Nc6 6. Be2 Bd6 7. dxc5 Bxc5 8.
O-O Nf6 9. Nbd2 O-O 10. Nb3 Bb6 11. Bg5 h6 12. Bxf6 Qxf6 13. Qxd5 Re8 14. Bb5
Be6 15. Qh5 Bf5 16. Rfe1 Be4 17. Qh4 Qf5 18. Nbd4 Qg6 19. Qg3 Qf6 20. Re3 Bg6
21. Bxc6 bxc6 22. Rae1 Rxe3 23. Rxe3 Rd8 24. h3 c5 25. Nb3 Rd1+ 26. Re1 Rd7 27.
Qe5 Qd8 28. Qe8+ Kh7 29. Qxd8 Rxd8 30. c4 f6 31. Nh4 Bd3 32. Rd1 Bxc4 33. Rxd8
Bxd8 34. Nf5 Bb6 35. Nd6 Be6 36. Kf1 f5 37. Ke2 Kg6 38. Kd3 Kf6 39. Nc4 Bd5 40.
f3 g5 41. Ne3 Be6 42. Nd2 Bxa2 43. b3 Ba5 44. Nec4 Bb4 45. Kc2 Bxd2 46. Nxd2 g4
47. hxg4 fxg4 48. Kb2 gxf3 49. Nxf3 Bxb3 50. Kxb3 Kf5 51. Kc4 Kg4 52. Kxc5 Kg3
53. Nd4 Kxg2 54. Kb5 h5 55. Ka6 1/2-1/2

[Event "100th anniversary Efim Geller Blitz"]
[Site "Odesa"]
[Date "2025.11.29"]
[Round "5.2"]
[White "Starozhilov, Leonid"]
[Black "Budnikov, Oleg"]
[Result "1-0"]
[WhiteElo "2303"]
[BlackElo "2376"]
[Annotator "IA Prokhorov Oleksandr"]
[PlyCount "165"]
[EventDate "2025.11.29"]
[EventType "swiss (blitz)"]
[EventRounds "11"]
[EventCountry "UKR"]

1. e4 d6 2. d4 g6 3. c4 Bg7 4. Nc3 Nf6 5. h3 O-O 6. Be3 c5 7. Nf3 Qa5 8. Bd3
cxd4 9. Nxd4 Nbd7 10. O-O a6 11. Rc1 Ne5 12. Be2 Bd7 13. Nb3 Qd8 14. c5 Bc6 15.
cxd6 Nxe4 16. Nxe4 Bxe4 17. f3 Bc6 18. dxe7 Qxe7 19. Bc5 Qg5 20. Bxf8 Rxf8 21.
Qd2 Qh4 22. Qe1 Qa4 23. Qa5 Qf4 24. Qd2 Qf6 25. f4 Nd7 26. Bf3 Nb8 27. Bxc6
Nxc6 28. Rc2 Rd8 29. Qf2 Qf5 30. Rfc1 a5 31. Kh1 a4 32. Nc5 Bd4 33. Qf3 Nb4 34.
Nxb7 Nxc2 35. Nxd8 Bxb2 36. Rd1 Bf6 37. Qd3 Qc5 38. Qd5 Qxd5 39. Rxd5 Nb4 40.
Rd6 Be7 41. Rd7 Kf8 42. Rb7 Nxa2 43. Nc6 Bd6 44. Rd7 Bxf4 45. Rd4 Bh6 46. Rxa4
Nc3 47. Ra7 Ne4 48. g4 Bf4 49. Kg2 Nf6 50. Kf3 Bd6 51. Nd4 Bc5 52. Ra8+ Kg7 53.
Ne2 h5 54. Nf4 hxg4+ 55. hxg4 Nh7 56. Rc8 Bd6 57. Nh3 Nf6 58. Rc6 Be7 59. Nf4
Nd7 60. Rc7 Ne5+ 61. Ke4 Bd6 62. Rb7 Nxg4 63. Ne6+ Kg8 64. Rb6 Be7 65. Nf4 Nf6+
66. Kf3 Kg7 67. Rb7 Kf8 68. Rb8+ Kg7 69. Rb7 Bd6 70. Ne6+ Kg8 71. Ng5 Nh5 72.
Nxf7 Bf8 73. Ne5 g5 74. Kg4 Nf6+ 75. Kf5 Nd5 76. Rb8 Kg7 77. Rb7+ Kg8 78. Ng6
Bg7 79. Kxg5 Ne3 80. Nf4 Nc4 81. Ne6 Be5 82. Kg6 Ne3 83. Rd7 1-0

[Event "100th anniversary Efim Geller Blitz"]
[Site "Odesa"]
[Date "2025.11.29"]
[Round "5.3"]
[White "Snigurov, Maxim"]
[Black "Garsky, Vladyslav"]
[Result "1-0"]
[WhiteElo "2359"]
[BlackElo "2176"]
[Annotator "IA Prokhorov Oleksandr"]
[PlyCount "65"]
[EventDate "2025.11.29"]
[EventType "swiss (blitz)"]
[EventRounds "11"]
[EventCountry "UKR"]

1. b3 Nf6 2. Bb2 g6 3. Bxf6 exf6 4. c4 Bg7 5. Nc3 O-O 6. e3 f5 7. Nge2 d6 8. g3
Nd7 9. Bg2 a5 10. O-O Re8 11. d4 Nf6 12. Qd3 c6 13. a3 Bd7 14. b4 axb4 15. axb4
Qb6 16. c5 Qxb4 17. Rab1 Qa3 18. Rxb7 dxc5 19. dxc5 Be6 20. Bxc6 Red8 21. Qb5
Bf8 22. Rc1 Ra5 23. Qb6 Rd2 24. Nb1 Qa2 25. Nxd2 Qxd2 26. Qb2 Qxb2 27. Rxb2
Bxc5 28. Rb5 Rxb5 29. Bxb5 Ne4 30. Bd3 Bb6 31. Bxe4 fxe4 32. Nc3 f5 33. Nxe4
1-0

[Event "100th anniversary Efim Geller Blitz"]
[Site "Odesa"]
[Date "2025.11.29"]
[Round "5.4"]
[White "Alexikov, Alexander"]
[Black "Golubev, Mikhail"]
[Result "0-1"]
[WhiteElo "2159"]
[BlackElo "2334"]
[Annotator "IA Prokhorov Oleksandr"]
[PlyCount "79"]
[EventDate "2025.11.29"]
[EventType "swiss (blitz)"]
[EventRounds "11"]
[EventCountry "UKR"]

1. e4 c5 2. Nf3 d6 3. g3 Nf6 4. d3 g6 5. Bg2 Bg7 6. O-O Nc6 7. Re1 O-O 8. c3 e5
9. Nbd2 d5 10. Qb3 d4 11. cxd4 cxd4 12. a3 a6 13. Nc4 Qc7 14. Nb6 Rb8 15. Nxc8
Rfxc8 16. Bd2 Qd7 17. Rac1 Ne8 18. Ng5 Rc7 19. Bh3 Qd8 20. Be6 Nd6 21. Bd5 h6
22. Nf3 Ne7 23. Rxc7 Qxc7 24. Rc1 Qd7 25. Bb4 Rf8 26. a4 b6 27. Ba3 Ndc8 28.
Bc4 Nc6 29. Bxf8 Bxf8 30. Bxa6 Bc5 31. Bb5 N8a7 32. Nd2 Qe7 33. Nc4 Nb4 34. h4
Qe6 35. Qd1 h5 36. Kg2 Nc8 37. a5 bxa5 38. Nxa5 Qb6 39. Qa4 Nd6 40. Bc4 {...}
0-1

[Event "100th anniversary Efim Geller Blitz"]
[Site "Odesa"]
[Date "2025.11.29"]
[Round "5.5"]
[White "Lyakh, Vasiliy"]
[Black "Shton, Roman"]
[Result "1-0"]
[WhiteElo "2329"]
[BlackElo "2119"]
[Annotator "IA Prokhorov Oleksandr"]
[PlyCount "63"]
[EventDate "2025.11.29"]
[EventType "swiss (blitz)"]
[EventRounds "11"]
[EventCountry "UKR"]

1. Nf3 d5 2. d4 Nf6 3. Bf4 e6 4. e3 Bd6 5. Ne5 c5 6. Nd2 O-O 7. Ndf3 Qc7 8. h4
cxd4 9. exd4 Ne4 10. Be3 f6 11. Nd3 Nc6 12. Be2 Bd7 13. c3 Be8 14. h5 Bf7 15.
g4 e5 16. h6 g6 17. Qc2 Rac8 18. g5 f5 19. dxe5 Nxe5 20. O-O-O Nc4 21. Bd4 Qa5
22. Kb1 Rc6 23. Qb3 Re8 24. Rhe1 b5 25. Nb4 Bxb4 26. cxb4 Qc7 27. a3 Qf4 28.
Be3 Nxe3 29. fxe3 Qg4 30. Nd4 Qxg5 31. Nxc6 Re6 32. Nd4 1-0

[Event "100th anniversary Efim Geller Blitz"]
[Site "Odesa"]
[Date "2025.11.29"]
[Round "5.6"]
[White "Oyberman, Mikhail"]
[Black "Tobak, Mikhail"]
[Result "1/2-1/2"]
[WhiteElo "2102"]
[BlackElo "2299"]
[Annotator "IA Prokhorov Oleksandr"]
[PlyCount "107"]
[EventDate "2025.11.29"]
[EventType "swiss (blitz)"]
[EventRounds "11"]
[EventCountry "UKR"]

1. e4 Nf6 2. e5 Nd5 3. d4 d6 4. exd6 cxd6 5. Nf3 g6 6. Bd3 Bg7 7. c3 O-O 8. O-O
Nc6 9. Re1 e5 10. dxe5 dxe5 11. Bc4 Nb6 12. Bb3 Qxd1 13. Bxd1 h6 14. Bb3 Kh7
15. Be3 f5 16. Na3 e4 17. Nd2 Nd7 18. Ndc4 Nde5 19. Nxe5 Nxe5 20. Bc2 Bd7 21.
Rad1 Bc6 22. Bd4 Rfe8 23. b4 a6 24. Nb1 a5 25. a3 axb4 26. axb4 Ra2 27. Rc1 Rd8
28. Red1 Rxc2 29. Rxc2 Ba4 30. Na3 Nc6 31. Rdd2 Bxd4 32. cxd4 Bxc2 33. Nxc2 Rd5
34. g3 g5 35. Kf1 Kg6 36. Ke2 f4 37. f3 fxg3 38. hxg3 exf3+ 39. Kxf3 Kf5 40.
g4+ Kf6 41. Ke4 Rd8 42. Rf2+ Ke6 43. b5 Ne7 44. Ne3 Nd5 45. Nf5 Nc3+ 46. Kd3
Nxb5 47. Rb2 Rd5 48. Ke4 Nc3+ 49. Kd3 Nb5 50. Ke4 b6 51. Ng7+ Kd6 52. Nf5+ Ke6
53. Ng7+ Kd6 54. Nf5+ 1/2-1/2

[Event "100th anniversary Efim Geller Blitz"]
[Site "Odesa"]
[Date "2025.11.29"]
[Round "5.7"]
[White "Bagiryan, Vigen"]
[Black "Makarov, V."]
[Result "1-0"]
[WhiteElo "2132"]
[BlackElo "2270"]
[Annotator "IA Prokhorov Oleksandr"]
[PlyCount "41"]
[EventDate "2025.11.29"]
[EventType "swiss (blitz)"]
[EventRounds "11"]
[EventCountry "UKR"]

1. d4 Nf6 2. c4 c5 3. d5 e6 4. Nc3 exd5 5. cxd5 d6 6. g3 g6 7. Bg2 Bg7 8. Nf3
O-O 9. O-O Re8 10. Bf4 a6 11. a4 Nh5 12. Bg5 Qc7 13. a5 Nd7 14. Nd2 b5 15. axb6
Nxb6 16. e4 Nf6 17. h3 Bb7 18. Re1 Nfd7 19. Qc2 c4 20. Na4 Bxd5 21. exd5 1-0

[Event "100th anniversary Efim Geller Blitz"]
[Site "Odesa"]
[Date "2025.11.29"]
[Round "5.8"]
[White "Domoshchei, Mykhailo"]
[Black "Bliumberg, Vladislav"]
[Result "0-1"]
[WhiteElo "1886"]
[BlackElo "2159"]
[Annotator "IA Prokhorov Oleksandr"]
[PlyCount "104"]
[EventDate "2025.11.29"]
[EventType "swiss (blitz)"]
[EventRounds "11"]
[EventCountry "UKR"]

1. e4 d5 2. exd5 Qxd5 3. Nc3 Qd6 4. Nf3 c6 5. d3 Nf6 6. g3 Bf5 7. Bg2 e6 8. Bf4
Qb4 9. Qd2 Nbd7 10. O-O Be7 11. a3 Qb6 12. Rfe1 O-O 13. Nh4 Bg4 14. h3 Bh5 15.
Nf5 Qd8 16. Nxe7+ Qxe7 17. Ne4 Nxe4 18. Bxe4 Bg6 19. Qb4 Qxb4 20. axb4 a6 21.
Bg2 Nf6 22. Bd6 Rfe8 23. f4 Rad8 24. Be5 Nd7 25. Rad1 Nxe5 26. Rxe5 Rd4 27.
Rde1 Red8 28. Be4 Rxb4 29. b3 Kf8 30. f5 exf5 31. Bxf5 Bxf5 32. Rxf5 Rbd4 33.
Rfe5 R4d7 34. Kf2 g6 35. g4 f6 36. Re6 Kf7 37. R6e2 Ra8 38. Kf3 a5 39. Ra1 b5
40. Rae1 a4 41. bxa4 bxa4 42. Ra1 a3 43. Ke3 Re7+ 44. Kd2 Rxe2+ 45. Kxe2 Ke6
46. c4 Ke5 47. Ke3 c5 48. Ra2 f5 49. gxf5 gxf5 50. Kd2 Kd4 51. Kc2 f4 52. Ra1
a2 0-1

[Event "100th anniversary Efim Geller Blitz"]
[Site "Odesa"]
[Date "2025.11.29"]
[Round "5.9"]
[White "Stets, Vasyl"]
[Black "Dovzhenko, Viktor"]
[Result "0-1"]
[WhiteElo "2005"]
[BlackElo "2058"]
[Annotator "IA Prokhorov Oleksandr"]
[PlyCount "94"]
[EventDate "2025.11.29"]
[EventType "swiss (blitz)"]
[EventRounds "11"]
[EventCountry "UKR"]

1. d4 d6 2. e4 c6 3. Nc3 g6 4. Be3 Nf6 5. f3 b5 6. a3 Nbd7 7. Bd3 a6 8. Nge2
Qc7 9. Ng3 c5 10. O-O Bg7 11. Qd2 cxd4 12. Bxd4 O-O 13. Be3 Re8 14. Kh1 Bb7 15.
Rad1 Rac8 16. Qf2 Ne5 17. Nge2 Nc4 18. Bxc4 Qxc4 19. Nf4 b4 20. axb4 Qxb4 21.
Nd3 Qa5 22. Ra1 Qc7 23. Bb6 Qb8 24. Be3 e5 25. Qh4 d5 26. Bg5 dxe4 27. fxe4 Nd7
28. Qf2 f6 29. Be3 Qc7 30. Qh4 Qc4 31. Bh6 Bh8 32. Rf3 f5 33. Rh3 Qf7 34. Rf1
f4 35. Nxf4 exf4 36. Rxf4 Bf6 37. Bg5 Re6 38. Rhf3 Bxg5 39. Qxg5 Qe7 40. Qg4
Ne5 41. Qh3 Nxf3 42. gxf3 Rd8 43. Nd5 Bxd5 44. exd5 Rxd5 45. Qg4 Rd1+ 46. Kg2
Re2+ 47. Kh3 Qe6 0-1

[Event "100th anniversary Efim Geller Blitz"]
[Site "Odesa"]
[Date "2025.11.29"]
[Round "5.10"]
[White "Vasilyev, Mikhail"]
[Black "Popravka, Bohdan"]
[Result "1-0"]
[WhiteElo "2091"]
[BlackElo "1902"]
[Annotator "IA Prokhorov Oleksandr"]
[PlyCount "44"]
[EventDate "2025.11.29"]
[EventType "swiss (blitz)"]
[EventRounds "11"]
[EventCountry "UKR"]

1. e4 e6 2. d4 d5 3. Nd2 Nf6 4. Bd3 c5 5. e5 Nfd7 6. c3 Nc6 7. Ngf3 Qb6 8. O-O
cxd4 9. cxd4 Nxd4 10. Nxd4 Qxd4 11. Nf3 Qb6 12. Qa4 Be7 13. Qg4 g6 14. h4 Qb4
15. Qg3 Nc5 16. Bc2 Ne4 17. Qf4 Bd7 18. a3 Qc4 19. Bb1 Nc5 20. Qe3 Nb3 21. Ba2
Ba4 22. Nd2 Nxd2 1-0

[Event "100th anniversary Efim Geller Blitz"]
[Site "Odesa"]
[Date "2025.11.29"]
[Round "6.1"]
[White "Kislinsky, Alexey"]
[Black "Starozhilov, Leonid"]
[Result "1-0"]
[WhiteElo "2316"]
[BlackElo "2303"]
[Annotator "IA Prokhorov Oleksandr"]
[PlyCount "73"]
[EventDate "2025.11.29"]
[EventType "swiss (blitz)"]
[EventRounds "11"]
[EventCountry "UKR"]

1. e4 d6 2. d4 Nf6 3. Nc3 g6 4. Bg5 Bg7 5. Qd2 h6 6. Bh4 g5 7. Bg3 Nh5 8. Nge2
Nc6 9. O-O-O e5 10. d5 Ne7 11. f3 f5 12. Bf2 Nf6 13. exf5 Nxf5 14. Kb1 Bd7 15.
Ng3 a6 16. Bd3 Nh4 17. Nge4 Qe7 18. Rhg1 Nf5 19. Nxf6+ Bxf6 20. Ne4 Kd8 21. a3
Bg7 22. c4 b6 23. Rde1 a5 24. Qc2 Nd4 25. Bxd4 exd4 26. Nc5 Be5 27. Nxd7 Qxd7
28. g3 Rf8 29. f4 Bh8 30. Re6 Kc8 31. Rge1 Kb7 32. Re7 Qd8 33. Qa4 Be5 34. Qc6+
Kb8 35. Rd7 Qc8 36. fxe5 Ra6 37. exd6 1-0

[Event "100th anniversary Efim Geller Blitz"]
[Site "Odesa"]
[Date "2025.11.29"]
[Round "6.2"]
[White "Lyakh, Vasiliy"]
[Black "Fingerov, Dmitry"]
[Result "1-0"]
[WhiteElo "2329"]
[BlackElo "2242"]
[Annotator "IA Prokhorov Oleksandr"]
[PlyCount "49"]
[EventDate "2025.11.29"]
[EventType "swiss (blitz)"]
[EventRounds "11"]
[EventCountry "UKR"]

1. d4 d5 2. Nf3 Nf6 3. Bf4 Bf5 4. c4 e6 5. Nc3 Be7 6. e3 O-O 7. Qb3 Nc6 8. c5
b6 9. Qa4 Na5 10. Ne5 a6 11. Be2 Qe8 12. Qxe8 Rfxe8 13. b4 Nc4 14. Nxc4 dxc4
15. Bxc4 c6 16. O-O b5 17. Be2 a5 18. a3 Nd5 19. Nxd5 exd5 20. a4 axb4 21. axb5
Rxa1 22. Rxa1 b3 23. b6 b2 24. Re1 g5 25. Bg3 {time} 1-0